| 000 | 01439nam a22003377i 4500 | ||
|---|---|---|---|
| 003 | EG-ScBUE | ||
| 005 | 20240206135055.0 | ||
| 008 | 220731s2024 ua f 000 0 ara d | ||
| 017 | _a2023 / 27201 | ||
| 020 | _a9789778063837 | ||
| 040 |
_aEG-ScBUE _bara _erda _cEG-ScBUE _dEG-ScBUE |
||
| 041 | 1 |
_aara _heng |
|
| 082 | 0 | 4 |
_222 _a158.1 _bم ك ا |
| 100 | 1 |
_aمكاي، زوي، _eمؤلف. |
|
| 240 | 1 | 0 |
_aMinimalist budget : simple strategies on how to save more, spend less, and curb spending temptation (without living on ramen). _lArabic |
| 245 | 1 | 0 |
_aخطة مثالية للميزانية الشخصية / _cزوي مكاي ؛ ترجمة آلاء توفيق. |
| 246 | 3 | 4 |
_aخطة مثالية للميزانية الشخصية : _bاستراتيجيات مالية مذهلة يحتاجها الجميع |
| 250 | _aالطبعة العربية الأولى. | ||
| 264 | 1 |
_aالقاهرة : _bدار دون للنشر والتوزيع، _c2024. |
|
| 300 |
_a127 صفحة ؛ _c20 سم |
||
| 336 |
_2rdacontent _aنص _btxt |
||
| 337 |
_2rdamedia _aبدون وسيط _bn |
||
| 338 |
_2rdacarrier _aمجلد _bnc |
||
| 541 | _aBook Fair 2024. | ||
| 546 | _aالنص باللغة العربية وتم ترجمته من اللغة الإنجليزية. | ||
| 650 | 7 |
_aالشخصية. _2BUEsh |
|
| 653 |
_cFebruary2024 _bHHUUPPSS |
||
| 655 | _vReading book | ||
| 700 | 1 |
_aتوفيق، آلاء، _eمترجم. |
|
| 942 | _2ddc | ||
| 999 |
_c30637 _d30608 |
||